00943nam a2200241 a 450000100060000000300080000600500170001400800410003103500190007204000310009104100080012208200250013010000280015524501550018326000380033830000340037649000730041050000180048350400620050165000280056370000370059183000730062850204BD-RjUL20211209075456.0160824s1955 ilua b 001 0 eng  a(BD-RjUL)50324 aDLCcWadDLCdBD-RjULbeng aeng00a370.15223bMOP 19551 aMorse, William Charles.10aPsychology and teaching /cWilliam C. Morse and G. Max Wingo. With an illustrated reference manual: Basic findings and concepts of general psychology. aChicago,bScott, Foresman,cc1955 axxi, 506 p. :bill. ;c26 cm.0 aThe Scott-Foresman professional series: Educating America's children aInclude index a"Recommended films": p. xv-xix. Bibliography: p. 489-494. 0aEducational psychology.1 aWingo, Glenn Max,ejoint author. aThe Scott-Foresman professional series: Educating America's children